书目信息 |
| 题名: |
外科解剖学图谱
|
|
| 作者: | 徐国成 主编 | |
| 分册: | ||
| 出版信息: | 沈阳 辽宁科学技术出版社 2001.05 |
|
| 页数: | 430页 | |
| 开本: | 26cm | |
| 丛书名: | ||
| 单 册: | ||
| 中图分类: | R602-64 | |
| 科图分类: | ||
| 主题词: | 外科学 | |
| 电子资源: | ||
| ISBN: | 7-5381-3303-8 | |
| 000 | 00563nam0 2200193 45 | |
| 001 | 0206201662 | |
| 005 | 20020620161245.6 | |
| 010 | @a7-5381-3303-8@b精装@d68.00元 | |
| 100 | @a20020620d2001 km y0chiy0120 ea | |
| 101 | 0 | @achi |
| 105 | @a z 000yy | |
| 200 | 1 | @a外科解剖学图谱@AWai Ke Jie Pou Xue Tu Pu@f徐国成等 主编@FXu Guo Cheng Deng Zhu Bian |
| 210 | @a沈阳@c辽宁科学技术出版社@d2001.05 | |
| 215 | @a430页@d26cm | |
| 606 | 0 | @a外科学 |
| 690 | @aR602-64@v3 | |
| 701 | 0 | @a徐国成@4主编 |
| 801 | @aCN@bPftUser@c20020620 | |
| 905 | @aBZT@b78387@dR602-64@e1@f1 | |
| 外科解剖学图谱/徐国成等 主编.-沈阳:辽宁科学技术出版社,2001.05 |
| 430页;26cm |
| ISBN 7-5381-3303-8(精装):68.00元 |
| ● |
| 相关链接 |
|
|
|
正题名:外科解剖学图谱
索取号:R602-64/1
 
预约/预借
| 序号 | 登录号 | 条形码 | 馆藏地/架位号 | 状态 | 备注 |
| 1 | 78387 | 200649968 | 中心书库中库/ 中库011架A面2列6层15/ [索取号:R602-64/1] | 在馆 |